| 000 | 00651cab a2200229 4500 | ||
|---|---|---|---|
| 001 | WB3522-33 | ||
| 008 | 090401t xxu||||| |||| 00| 0 eng d | ||
| 035 | _a(Sirsi) u93865 | ||
| 041 | _aeng | ||
| 245 | _aIoD launchs professional qualification | ||
| 260 | _c8 June 1998. 1(1) | ||
| 350 | _a0 | ||
| 490 |
_aFinancial Times _v8 June 1998. 1(1) |
||
| 650 | _aCODE OF PROFESSIONAL CONDUCT | ||
| 650 | _aCOMPANY DIRECTORS | ||
| 650 | _aINSTITUTE OF DIRECTORS | ||
| 650 | _aPROFESSIONAL COMPETENCE | ||
| 650 | _aPROFESSIONAL QUALIFICATIONS | ||
| 690 | _aMANAGEMENT-BUSINESS MANAGEMENT-PROFESSIONAL PRACTICE | ||
| 942 | _n0 | ||
| 948 | _c10/06/1999 | ||
| 999 |
_c59491 _d59491 |
||